LEADER 01257nam--2200421---450- 001 990001023650203316 005 20090108163457.0 010 $a88-238-0786-7 035 $a0102365 035 $aUSA010102365 035 $a(ALEPH)000102365USA01 035 $a0102365 100 $a20020308d2001----km-y0itay0103----ba 101 $aita 102 $aIT 105 $ay|||z|||001yy 200 1 $aCambiare azienda per fare carriera$fGianfilippon Cuneo$ga cura di pier Paolo Preti 210 $aMilano$cEGEA$d2001 215 $aXII, 233 p.$d23 cm 225 2 $aI saggi 410 0$12001$aI saggi 606 $aAziende$xPersonale$xGestione 606 $aDirigenti aziendali$xCarriera 606 $aDirigenti aziendali$xCarriera 676 $a658.302 700 1$aCUNEO,$bGianfilippo$0117103 702 1$aPRETI,$bPier Paolo 801 0$aIT$bsalbc$gISBD 912 $a990001023650203316 951 $a658.302 CUN 1 (IRA 3 181)$b32638 G.$cIRA$d00080869 959 $aBK 969 $aECO 979 $aANGELA$b90$c20020308$lUSA01$h1400 979 $c20020403$lUSA01$h1743 979 $aPATRY$b90$c20040406$lUSA01$h1711 979 $aRSIAV3$b90$c20090108$lUSA01$h1634 996 $aCambiare azienda per fare carriera$9977324 997 $aUNISA LEADER 01268nam0 2200313 i 450 001 VAN0011128 005 20150305111201.601 010 $a88-238-0321-7 020 $aIT$b96 5393 100 $a20030102d1995 |0itac50 ba 101 $aita 102 $aIT 105 $a|||| ||||| 200 1 $aAnalisi e politiche di asset allocation nelle gestioni di portafoglio$fA. Bertoni ... [et al.] 210 $aMilano$cEGEA$dc1995 215 $aVIII, 170 p.$d24 cm. 410 1$1001VAN0011228$12001 $aCentro di ricerche economico-aziendali dell'Università Bocconi$1210 $aMilano$cEgea.$v2 606 $aInvestimenti pubblici$3VANC030558$2SG 606 $aOperazioni di borsa$3VANC030624$2SG 620 $dMilano$3VANL000284 676 $a332.6322$v21 702 1$aBertoni$bAlberto$f1940- $3VANV069094 712 $aEgea $3VANV107924$4650 801 $aIT$bSOL$c20230922$gRICA 899 $aBIBLIOTECA DEL DIPARTIMENTO DI GIURISPRUDENZA$1IT-CE0105$2VAN00 912 $aVAN0011128 950 $aBIBLIOTECA DEL DIPARTIMENTO DI GIURISPRUDENZA$d00CONS VI.Ec.23 $e00 11207 20030107 996 $aAnalisi e politiche di asset allocation nelle gestioni di portafoglio$9876252 997 $aUNICAMPANIA